Cantons suisses et départements français sur le Rhône - Statistiques

Statistiques générales
  • Ce quiz a été pris 5 820 fois
  • Le résultat moyen est 11 sur 14
Réponses sur la Carte
Les réponses sont colorées sur une échelle allant du rouge au vert en fonction du pourcentage des utilisateurs qui les ont devinées à leur premier essai. Vous pouvez retrouver ces pourcentages ci-dessous.
 
Statistiques - réponses
Réponse % Correct
Haute-Savoie
90%
Rhône
90%
Savoie
90%
Bouches-du-Rhône
86%
Genève
85%
Ain
82%
Isère
79%
Ardèche
75%
Vaucluse
75%
Drôme
74%
Gard
73%
Loire
73%
Vaud
61%
Valais
52%
Aucun quiz correspondant
Distribution des résultats
% des personnes avec chaque résultat
Percentile par nombre de réponses
Votre historique - résultats
Vous n’avez pas pris ce quiz